Loading...

Planning & management in universities

Bibliographic Details
Main Author: Lockwood, Geoffrey
Format: Printed Book
Language:English
Subjects:
LEADER 00357nam a2200109Ia 4500
008 101008s9999 xx 000 0 eng d
100 |a Lockwood, Geoffrey 
245 |a Planning & management in universities 
650 |a Higher Education 
942 |c BK 
999 |c 178805  |d 178805 
952 |0 0  |1 0  |4 0  |7 0  |9 198097  |a EDU  |b EDU  |c ST1  |d 2010-10-20  |i 160  |l 0  |p EDU160  |r 2018-08-29  |w 2018-08-29  |y BK